IBM : how the world's most successful corporation is managed /

Bibliographic Details
Main Author: Mercer, David (David Steuart)
Format: Book
Language:English
Published: London : K. Page, 1987.
Subjects:

MARC

Tag First Indicator Second Indicator Subfields
LEADER 00000cam a2200000 a 4500
001 in00000029864
005 20151007054812.0
008 870506s1987 enk b 00110 eng
010 |a  87138763  
020 |a 1850912874 :  |c £12.95 
035 |a (OCoLC)17297962 
035 |9 AAB6258AM 
040 |a DLC  |c DLC  |d TXA  |d UtOrBLW 
049 |a TXAM  |c [A11503539] 
050 0 0 |a HD9696.C64  |b I4855 1987 
082 0 |a 338.7/61004/0973  |2 19 
100 1 |a Mercer, David  |q (David Steuart) 
245 1 0 |a IBM :  |b how the world's most successful corporation is managed /  |c David Mercer. 
264 1 |a London :  |b K. Page,  |c 1987. 
300 |a 306 pages ;  |c 25 cm. 
336 |a text  |b txt  |2 rdacontent 
337 |a unmediated  |b n  |2 rdamedia 
338 |a volume  |b nc  |2 rdacarrier 
504 |a Bibliography: page 299. 
500 |a Includes index. 
610 2 0 |a International Business Machines Corporation  |x Management  |x History. 
650 0 |a Computer industry  |x Management  |x History. 
999 |a MARS 
999 f f |s f82b8833-a409-3789-b7ee-495c88156050  |i b4d74204-aa1f-392f-892d-b8896a5cc655  |t 0 
952 f f |p ric  |a Texas A&M University  |b Rellis Campus  |c Joint Library Facility  |d Remote Storage  |t 0  |e HD9696.C64 I4855 1987  |h Library of Congress classification  |i unmediated -- volume  |m A14811503539 
998 f f |a HD9696.C64 I4855 1987  |t 0  |l Remote Storage